Origen de la dialéctica negativa: Theodor W. Adorno, Walter Benjamin y el Instituto de Frankfurt.

Сохранить в:
Библиографические подробности
Главный автор: Buck-Morss, Susan
Формат:
Язык:испанский
Опубликовано: Buenos Aires, Argentina Eterna Cadencia 2011
Предметы:
Метки: Добавить метку
Нет меток, Требуется 1-ая метка записи!

MARC

LEADER 00000cam a2200000 a 4500
001 UCF8970
003 CL-VaPUC
005 20211223074325.0
008 131018e20110000ag |||||||||||||||||spa|d
999 |c 353467  |d 353465 
020 |a 9789871673346 
040 |c Pontificia Universidad Católica de Valparaíso 
082 0 4 |a 190 BUC 2011  |2 21 
100 0 |a Buck-Morss, Susan  |9 571098 
245 1 0 |a Origen de la dialéctica negativa: Theodor W. Adorno, Walter Benjamin y el Instituto de Frankfurt. 
260 0 3 |a Buenos Aires, Argentina  |b Eterna Cadencia  |c 2011 
300 |a 478 páginas 
583 |a last modification  |c 20180514 09:23:48  |k Rodrigo Vera 
600 0 7 |a ADORNO, THEODOR WIESENGRUND  |2 CL-VaPUC  |9 325578 
600 0 |a Benjamin, Walter  |d 1892-1940  |9 269121 
650 0 |a Filosofía contemporánea  |9 265372 
650 0 |a Filosofía europea  |9 347047 
650 0 |a Dialéctica  |9 257902 
650 0 |a Escuelas filosóficas   |9 266232 
650 7 |a TEORIAS FILOSOFICAS  |2 CL-VaPUC  |9 468252 
942 |c BK  |2 ddc 
945 |d 20131018 14:00:00  |a cmena 
952 |0 0  |1 0  |2 ddc  |3 erb  |4 0  |6 190_000000000000000_BUC_2011  |7 0  |8 A  |9 458699  |a BIBEDU  |b BIBEDU  |d 2019-11-23  |i 5016983  |l 1  |o 190 BUC 2011  |p 5016983  |r 2023-07-26  |s 2023-06-27  |t 1  |w 2019-11-23  |y BK  |z Catalogado en:20131018  |k LIT